Fast Typing - JEFF - Statistics

General Stats
  • This quiz has been taken 603 times
    521 since last reset
  • The average score is 58 of 80
Answer Stats
Hint Answer % Correct
J J
100%
E E
99%
F F
99%
F F
99%
J J
99%
E E
97%
F F
96%
F F
96%
E E
95%
F F
95%
J J
95%
F F
94%
J J
94%
E E
92%
F F
91%
F F
91%
E E
90%
J J
90%
E E
89%
F F
89%
F F
89%
F F
89%
F F
89%
J J
89%
E E
88%
J J
88%
E E
87%
F F
87%
F F
87%
F F
87%
F F
87%
J J
87%
E E
86%
J J
86%
F F
84%
F F
83%
E E
82%
F F
82%
J J
82%
F F
80%
E E
79%
F F
79%
J J
79%
F F
78%
E E
76%
J J
76%
F F
75%
F F
74%
E E
72%
F F
72%
J J
72%
F F
70%
J J
65%
E E
63%
F F
62%
F F
60%
E E
57%
J J
57%
F F
56%
F F
55%
E E
53%
F F
53%
J J
53%
F F
52%
J J
51%
E E
49%
F F
47%
F F
46%
J J
45%
E E
43%
F F
42%
F F
38%
J J
35%
E E
34%
F F
32%
F F
31%
E E
29%
F F
29%
J J
29%
F F
28%
No matching quizzes found
Score Distribution
Percent of People with Each Score
Percentile by Number Answered
Your Score History
You have not taken this quiz since the last reset